Biomaterials : Principles and Applications /
Contenido: 1) Biomateriales metálicos; 2) Biomateriales cerámicos; 3) Biomateriales de polímeros; 4) Biomateriales compuestos; 5) Biomateriales biodegradables de polímeros: tejidos derivados (colágeno); 6) Reposición de tejidos delgados; 7) Reposición de tejidos gruesos; 8) Técnicas de preservación...
Guardado en:
| Hovedforfatter: | |
|---|---|
| Andre forfattere: | |
| Format: | Bog |
| Sprog: | engelsk |
| Udgivet: |
Boca Ratón, EUA :
CRC Press,
2003, c2003
|
| Fag: | |
| Tags: |
Ingen Tags, Vær først til at tagge denne postø!
|
MARC
| LEADER | 00000nam^a2200000^a^4500 | ||
|---|---|---|---|
| 001 | 000156737 | ||
| 005 | 20250521000000.0 | ||
| 009 | 20260310100514.918 | ||
| 020 | |a 0-8493-1491-7 | ||
| 037 | |a Acervo ITESO - Biblioteca | ||
| 041 | |a ING | ||
| 082 | |a 610. 28 |b PAR | ||
| 100 | |a Park, Joon B. |e (autor) | ||
| 245 | 1 | 0 | |a Biomaterials : |b Principles and Applications / |c Ed. de J.B. Park, J.D. Bronzino. |
| 264 | 4 | |a Boca Ratón, EUA : |b CRC Press, |c 2003, c2003 | |
| 300 | |a 250 p. | ||
| 336 | |a texto |b txt |2 rdacontenido | ||
| 337 | |a sin mediación |b n |2 rdamedio | ||
| 338 | |a volumen |b nc |2 rdasoporte | ||
| 520 | |a Contenido: 1) Biomateriales metálicos; 2) Biomateriales cerámicos; 3) Biomateriales de polímeros; 4) Biomateriales compuestos; 5) Biomateriales biodegradables de polímeros: tejidos derivados (colágeno); 6) Reposición de tejidos delgados; 7) Reposición de tejidos gruesos; 8) Técnicas de preservación de biomateriales; 9) Fijación de prótesis en la cadera: problemas y posibles soluciones. | ||
| 649 | |a XX | ||
| 650 | |a Polímeros | ||
| 650 | |a Colágeno | ||
| 650 | |a Materiales Compuestos | ||
| 650 | |a Materiales Biodegradables | ||
| 650 | |a Materiales Cerámicos | ||
| 650 | |a Materiales Dentales | ||
| 650 | |a Tejidos | ||
| 650 | |a Materiales Biomédicos - |x Tema Principal | ||
| 650 | |a Prótesis | ||
| 650 | |a Cadera - |x Heridas y Lesiones | ||
| 650 | |a Cirugía Plástica | ||
| 650 | |a Biotecnología | ||
| 650 | |a Ingeniería Biomédica | ||
| 650 | |a Medicina | ||
| 700 | |a Bronzino, Joseph D. |e (edición) | ||
| 910 | |a Fondo General | ||
| 920 | |a Impresos - Libros | ||
| 930 | |a Colección General | ||
| 905 | |a 101 | ||
| 901 | |a 0500085202 |b IT1 |c ACC |u 20250521 | ||
| 902 | |a https://opac.biblio.iteso.mx/vufind/Record/000156737 | ||